Normal view
MARC view
- Kipling, Rudyard,
Entry Nombre Personal
001 - NUMERO DE CONTROL
- campo de control: 28832
003 - IDENTIFICADOR DE NUMERO DE CONTROL
- campo de control: UPN
005 - FECHA Y HORA DE LA ÜLTIMA TRANSACCIÓN
- campo de control: 20220804081759.0
008 - DATOS DE LONGITUD FIJA
- campo de control de longitud fija: 220804nn acannaabn n aaa d
035 ## - NUMERO DE CONTROL
- Número de control: UPN11000000938
040 ## - FUENTE DE CATALOGACIÓN
- Lenguaje de catalogación: SPA
- Agencia de transcripción: UPN
- Agencia original de catalogación: UPN
053 #4 - NÚMERO DE CLASIFICACIÓN LC
- Número de clasificación elemento-número único o número inicial de tramo: PR4850
- Número de clasificación número de tramo final del elemento: PR4858
100 1# - ENCABEZAMIENTO - NOMBRE PERSONAL
- Nombre personal: Kipling, Rudyard,
- Fechas asociadas con el nombre: 1864-1936
670 ## - FUENTE EN LA QUE SE LOCALIZARON DATOS
- Cita de la fuente: LC
680 ## - NOTA PUBLICA DE ACCESO PÚBLICO
- Frase explicativa de la referencia: Escritor inglés
902 ## - CATALOGADOR
- Catalogador: DAA/110108
